00410nmm a2200157Ia 4500008004100000020001500041041000800056100002000064245001300084264004800097300001800145650001400163856005100177942000700228999001700235251105s9999||||xx |||||||||||||||||und|| a9580611033 aspa aRiaño, Camilo 0aUrdaneta a[Bogotá, Colombia] :bOveja Negra, c2008 a285 páginas aBiography uhttps://public.digitaliapublishing.com/a/29504 cCF c74410d74410